[Event "CHN-ch U14"]
[Site "Shanghai"]
[Date "2024.02.17"]
[Round "4"]
[White "Wang, Shuo1"]
[Black "Sun, Yixuan"]
[Result "0-1"]
[WhiteElo "1607"]
[BlackElo "1092"]
[PlyCount "46"]
[EventDate "2024.02.16"]
[EventType "swiss"]
[EventRounds "11"]
[EventCountry "CHN"]
[SourceTitle "CB09_2024"]
[SourceDate "2024.02.28"]
[SourceVersion "1"]
[SourceVersionDate "2024.02.28"]
[SourceQuality "1"]

1. Nf3 Nf6 2. g3 g6 3. Bg2 Bg7 4. 0-0 0-0 5. d3 d5 6. Nbd2 Nbd7 7. c4 c6 8. Rb1 e5 9. Qc2 Re8 10. e4 dxe4 11. dxe4 Nc5 12. b4 Ncxe4 13. Nxe4 Nxe4 14. Nxe5 Rxe5 15. Bxe4 Rxe4 16. Be3 Bf5 17. Rbd1 Qe8 18. Qb3 Rd8 19. Rxd8 Qxd8 20. Bxa7 Bh3 21. Rd1 Qd2 22. Qb1 Qe2 23. Bc5 h6 0-1

[Event "CHN-ch U14"]
[Site "Shanghai"]
[Date "2024.02.16"]
[Round "2"]
[White "Sun, Yixuan"]
[Black "Cong, Dingzhou"]
[Result "0-1"]
[WhiteElo "1092"]
[BlackElo "1718"]
[PlyCount "62"]
[EventDate "2024.02.16"]
[EventType "swiss"]
[EventRounds "11"]
[EventCountry "CHN"]
[SourceTitle "CB09_2024"]
[SourceDate "2024.02.28"]
[SourceVersion "1"]
[SourceVersionDate "2024.02.28"]
[SourceQuality "1"]

1. d4 d5 2. Nf3 Nf6 3. g3 c6 4. c4 dxc4 5. a4 e6 6. Bg2 Bb4+ 7. Bd2 a5 8. Bxb4 axb4 9. Ne5 0-0 10. 0-0 Qc7 11. Nxc4 Rd8 12. e3 c5 13. Qb3 cxd4 14. Qxb4 Nc6 15. Qb6 Qe7 16. Bxc6 Ra6 17. Qb3 Rxc6 18. exd4 Rxd4 19. Nba3 e5 20. Na5 Ra6 21. Rfc1 Qd7 22. Qc2 Ra8 23. Nb3 Rd5 24. Nb5 Qh3 25. Nc7 Bf5 26. Qe2 Bd3 27. Qd2 Be4 28. f3 Rxd2 29. Nxd2 Rd8 30. Nxe4 Nxe4 31. Rd1 Nd2 0-1